[Event "Geneve CEG-Legends"]
[Site "Geneve"]
[Date "2012.08.09"]
[Round "9"]
[White "Rindlisbacher, Lars"]
[Black "Kortschnoj, Viktor Lvovich"]
[Result "1/2-1/2"]
[WhiteElo "2304"]
[BlackElo "2519"]
[PlyCount "101"]
[EventDate "2012.08.04"]
[EventType "schev"]
[EventRounds "10"]
[EventCountry "SUI"]
[SourceTitle "CBM 149 Extra"]
[Source "ChessBase"]
[SourceDate "2012.08.24"]
[SourceVersion "1"]
[SourceVersionDate "2012.08.24"]
[SourceQuality "1"]
[WhiteTeam "CEG"]
[BlackTeam "Legends"]
[WhiteTeamCountry "SUI"]
[BlackTeamCountry "SUI"]

1. d4 Nf6 2. c4 e6 3. Nf3 b6 4. e3 Bb7 5. Bd3 Bb4+ 6. Bd2 Be7 7. 0-0 c5 8. Bc3 0-0 9. Nbd2 d5 10. Qe2 Ne4 11. cxd5 exd5 12. dxc5 bxc5 13. Bxe4 dxe4 14. Ne5 Nd7 15. Qb5 Nb6 16. Nc6 Qc7 17. Nxe7+ Qxe7 18. Nc4 Bd5 19. Nxb6 axb6 20. Rfd1 Qe6 21. b3 Rfd8 22. Rd2 Qc6 23. Qxc6 Bxc6 24. Rad1 Rxd2 25. Rxd2 f6 26. Rd6 Rc8 27. Kf1 Kf7 28. Ke1 Ke7 29. Rd2 Bb5 30. f3 Bd3 31. fxe4 Bxe4 32. a4 Ke6 33. b4 cxb4 34. Bxb4 Ra8 35. Rd6+ Kf5 36. Rxb6 Rxa4 37. Rb5+ Kg4 38. Bc3 Bxg2 39. Rb4+ Rxb4 40. Bxb4 Kf3 41. Bf8 g6 42. Bg7 f5 43. Bh6 Bh3 44. Kd2 Kg2 45. Bf4 h5 46. Kd3 Kf3 47. Bh6 h4 48. Bg5 Bf1+ 49. Kd2 Kg4 50. Be7 Bb5 51. Ke1 1/2-1/2

[Event "SUI-ch 112th"]
[Site "Flims"]
[Date "2012.07.13"]
[Round "2"]
[White "Kortschnoj, Viktor Lvovich"]
[Black "Gallagher, Joseph G"]
[Result "1-0"]
[WhiteElo "2558"]
[BlackElo "2500"]
[PlyCount "93"]
[EventDate "2012.07.12"]
[EventType "tourn"]
[EventRounds "9"]
[EventCountry "SUI"]
[EventCategory "9"]
[SourceTitle "CBM 149 Extra"]
[Source "ChessBase"]
[SourceDate "2012.08.24"]
[SourceVersion "1"]
[SourceVersionDate "2012.08.24"]
[SourceQuality "1"]

1. d4 d6 2. e4 Nf6 3. f3 d5 4. e5 Nfd7 5. Bd3 c5 6. c3 cxd4 7. cxd4 Nc6 8. Ne2 e6 9. f4 Nb4 10. Bb5 a6 11. Ba4 b5 12. Bb3 Qh4+ 13. Ng3 Nc6 14. Be3 Bb4+ 15. Nc3 Ne7 16. 0-0 g6 17. a4 bxa4 18. Nxa4 0-0 19. Rf3 Bb7 20. Bf2 Qh6 21. Ne2 f6 22. exf6 Nxf6 23. Nc5 Bxc5 24. dxc5 Ng4 25. h3 Nxf2 26. Rxf2 e5 27. Nc3 Rad8 28. Qe2 Rxf4 29. Qxe5 Rxf2 30. Kxf2 Qg7 31. Re1 Qxe5 32. Rxe5 Kf8 33. Ne2 d4 34. Nf4 Bc8 35. Bc4 Nc6 36. Ne6+ Bxe6 37. Rxe6 Nb4 38. Rb6 a5 39. Ke2 d3+ 40. Kd2 Rd4 41. b3 Ke7 42. Rb5 Nc6 43. Rb7+ Kd8 44. Rxh7 a4 45. Bb5 a3 46. Bxc6 Ra4 47. Bb7 1-0

[Event "SUI-chT"]
[Site "Switzerland"]
[Date "2012.04.15"]
[Round "2.3"]
[White "Kortschnoj, Viktor Lvovich"]
[Black "Bex, Pierre Alain"]
[Result "0-1"]
[WhiteElo "2549"]
[BlackElo "2225"]
[PlyCount "128"]
[EventDate "2012.03.18"]
[EventType "team-tourn"]
[EventRounds "9"]
[EventCountry "SUI"]
[SourceTitle "EXT 2013"]
[Source "ChessBase"]
[SourceDate "2012.11.22"]
[SourceVersion "1"]
[SourceVersionDate "2012.11.22"]
[SourceQuality "1"]
[WhiteTeam "Zuerich"]
[BlackTeam "Neuchatel"]
[WhiteTeamCountry "SUI"]
[BlackTeamCountry "SUI"]

1. d4 d5 2. c4 dxc4 3. e4 e5 4. Nf3 exd4 5. Bxc4 Nc6 6. 0-0 Be6 7. Bxe6 fxe6 8. Ng5 Qd7 9. Qh5+ g6 10. Qh3 0-0-0 11. Qxe6 Qxe6 12. Nxe6 Re8 13. Nxf8 Rxf8 14. b3 Nf6 15. Bh6 Rf7 16. Nd2 Re8 17. f3 Ne5 18. Rac1 Re6 19. Nc4 Nfd7 20. Rfd1 Nc6 21. h4 a6 22. a3 b6 23. b4 Kb7 24. Rc2 Nde5 25. Nxe5 Nxe5 26. Bc1 Rd6 27. Bb2 Rfd7 28. Kh2 b5 29. Rc5 Nc4 30. Bc1 d3 31. Bf4 d2 32. e5 Rd4 33. e6 Rxf4 34. exd7 Rd4 35. a4 Ne3 36. Rxd2 Rxd2 37. axb5 axb5 38. Rxb5+ Kc6 39. Re5 Nf5 40. h5 Rxd7 41. hxg6 hxg6 42. Kh3 Re7 43. Ra5 Rh7+ 44. Kg4 Rh4+ 45. Kg5 Rxb4 46. Ra2 Ne7 47. Rd2 Rb3 48. Kf6 Re3 49. Kf7 Kb7 50. Rb2+ Kc8 51. Rc2 c6 52. g4 Kc7 53. f4 Re4 54. Rf2 c5 55. f5 gxf5 56. g5 f4 57. g6 Nxg6 58. Kxg6 Kd6 59. Kf5 Kd5 60. Kg4 Kd4 61. Kf3 Re7 62. Rd2+ Kc3 63. Rd5 c4 64. Kxf4 Kc2 0-1

[Event "EU-chT Seniors"]
[Site "Rogaska Slatina"]
[Date "2012.04.03"]
[Round "8.3"]
[White "Kortschnoj, Viktor Lvovich"]
[Black "Ivanovic, Bozidar"]
[Result "1/2-1/2"]
[WhiteElo "2549"]
[BlackElo "2412"]
[PlyCount "87"]
[EventDate "2012.03.27"]
[EventType "team-swiss"]
[EventRounds "9"]
[EventCountry "SLO"]
[SourceTitle "CBM 147 Extra"]
[Source "ChessBase"]
[SourceDate "2012.04.24"]
[SourceVersion "1"]
[SourceVersionDate "2012.04.24"]
[SourceQuality "1"]
[WhiteTeam "Switzerland (Seniors)"]
[BlackTeam "Montenegro (Seniors)"]
[WhiteTeamCountry "SUI"]
[BlackTeamCountry "MNE"]

1. Nf3 d5 2. c4 c6 3. d4 Nf6 4. Qb3 dxc4 5. Qxc4 Bf5 6. e3 e6 7. Nbd2 Nbd7 8. Nh4 Be4 9. Nxe4 Nxe4 10. Nf3 Qa5+ 11. Bd2 Nxd2 12. Nxd2 Bb4 13. 0-0-0 0-0 14. Nb3 Qb6 15. Bd3 a5 16. a3 Be7 17. Nd2 Rfd8 18. Qc2 h6 19. Kb1 Qa7 20. Nf3 Qb6 21. Ka2 c5 22. Qb3 Qxb3+ 23. Kxb3 cxd4 24. exd4 a4+ 25. Ka2 Ra5 26. Be4 b5 27. Rc1 b4 28. axb4 Bxb4 29. Rc4 Bd6 30. Rhc1 Kf8 31. Rc8 Ke7 32. Rxd8 Kxd8 33. Rc4 Ke7 34. h3 Nb6 35. Rc6 Rb5 36. Ne1 Nd5 37. Bxd5 Rxd5 38. Rc4 Ra5 39. Nd3 Ra7 40. Nc5 Rc7 41. Rc2 Ra7 42. Ne4 f5 43. Nxd6 Kxd6 44. Rc5 1/2-1/2

[Event "EU-chT Seniors"]
[Site "Rogaska Slatina"]
[Date "2012.03.27"]
[Round "1.6"]
[White "Steedman, James"]
[Black "Kortschnoj, Viktor Lvovich"]
[Result "0-1"]
[WhiteElo "2129"]
[BlackElo "2549"]
[PlyCount "56"]
[EventDate "2012.03.27"]
[EventType "team-swiss"]
[EventRounds "9"]
[EventCountry "SLO"]
[SourceTitle "CBM 147 Extra"]
[Source "ChessBase"]
[SourceDate "2012.04.24"]
[SourceVersion "1"]
[SourceVersionDate "2012.04.24"]
[SourceQuality "1"]
[WhiteTeam "Norway (Seniors) II"]
[BlackTeam "Switzerland (Seniors)"]
[WhiteTeamCountry "NOR"]
[BlackTeamCountry "SUI"]

1. d4 Nf6 2. c4 e6 3. Nc3 Bb4 4. e3 c5 5. Bd3 d5 6. Nf3 dxc4 7. Bxc4 Qc7 8. Qd3 a6 9. a3 Bxc3+ 10. bxc3 b5 11. Ba2 Bb7 12. c4 Nbd7 13. 0-0 e5 14. Nxe5 Nxe5 15. dxe5 Qxe5 16. Bd2 Rd8 17. Qc3 Qg5 18. f3 Bxf3 19. Rxf3 Ne4 20. Qc2 Nxd2 21. Rg3 Qe5 22. Rc1 0-0 23. cxb5 axb5 24. Rh3 Ne4 25. Bb1 f5 26. g4 Rd2 27. Qb3+ c4 28. Qb4 Rb2 0-1

[Event "Gibraltar Masters 10th"]
[Site "Caleta"]
[Date "2012.02.02"]
[Round "10"]
[White "Polgar, Judit"]
[Black "Kortschnoj, Viktor Lvovich"]
[Result "1-0"]
[WhiteElo "2710"]
[BlackElo "2558"]
[PlyCount "131"]
[EventDate "2012.01.24"]
[EventType "swiss"]
[EventRounds "10"]
[EventCountry "GGB"]
[SourceTitle "CBM 147"]
[Source "ChessBase"]
[SourceDate "2012.03.16"]
[SourceVersion "1"]
[SourceVersionDate "2012.03.16"]
[SourceQuality "1"]

1. e4 e6 2. d4 d5 3. Nc3 Nf6 4. e5 Nfd7 5. Nce2 c5 6. c3 cxd4 7. cxd4 f6 8. exf6 Nxf6 9. Nf3 Nc6 10. Nc3 Bd6 11. Bd3 0-0 12. 0-0 Qe8 13. Re1 Qh5 14. Be2 Qg6 15. Ng5 h6 16. Bd3 Qe8 17. Nf3 Qh5 18. h3 Bd7 19. a3 g5 20. Nb5 Bb8 21. Qc2 Kg7 22. Ne5 Nxe5 23. dxe5 Ne4 24. Bxe4 Bxb5 25. Qb3 dxe4 26. Qxb5 Qf7 27. Be3 a6 28. Qb4 Bxe5 29. Qxe4 Bf6 30. Rad1 Rad8 31. Bc5 Rfe8 32. Rxd8 Rxd8 33. Qxe6 Qxe6 34. Rxe6 Rd5 35. b4 Rd1+ 36. Kh2 h5 37. g4 hxg4 38. hxg4 Rd3 39. a4 Kf7 40. Rb6 Rd7 41. Kg2 Bd8 42. Rh6 Kg7 43. Re6 Kf7 44. Re5 Bf6 45. Re3 Bd8 46. a5 Rd5 47. Kf3 Bf6 48. Ke4 Ke6 49. Rh3 Rd7 50. Rh1 Kf7 51. Rh7+ Bg7 52. Rh3 Ke6 53. Rd3 Rxd3 54. Kxd3 Kd5 55. Be7 Bh6 56. f3 Ke6 57. Bc5 Bg7 58. Be3 Bf6 59. Kc4 Kd6 60. f4 gxf4 61. Bxf4+ Ke6 62. g5 Bd8 63. Be3 Bc7 64. g6 Kf6 65. Kd5 Bg3 66. Bc5 1-0

[Event "Gibraltar Masters 10th"]
[Site "Caleta"]
[Date "2012.01.29"]
[Round "6"]
[White "Gislason, Gudmundur"]
[Black "Kortschnoj, Viktor Lvovich"]
[Result "1-0"]
[WhiteElo "2332"]
[BlackElo "2558"]
[PlyCount "139"]
[EventDate "2012.01.24"]
[EventType "swiss"]
[EventRounds "10"]
[EventCountry "GGB"]
[SourceTitle "CBM 147"]
[Source "ChessBase"]
[SourceDate "2012.03.16"]
[SourceVersion "1"]
[SourceVersionDate "2012.03.16"]
[SourceQuality "1"]

1. d4 Nf6 2. Nf3 g6 3. g3 b5 4. Bg2 Bb7 5. c3 e6 6. Qd3 a6 7. Bg5 c5 8. e4 h6 9. Bxf6 Qxf6 10. Nbd2 cxd4 11. cxd4 Nc6 12. 0-0 Be7 13. a3 d5 14. Rac1 0-0 15. e5 Qg7 16. Nb3 Rac8 17. Rc2 g5 18. h3 h5 19. Rfc1 g4 20. hxg4 hxg4 21. Nh2 Kh8 22. f3 gxf3 23. Bxf3 Bg5 24. Ng4 Qg6 25. Rd1 Kg7 26. Nc5 Ne7 27. Qxg6+ Nxg6 28. Rh2 Rc7 29. Rh5 Be7 30. b4 Rh8 31. Rxh8 Nxh8 32. Kf2 Bg5 33. Be2 Ng6 34. Bd3 Bc8 35. Rh1 Ra7 36. a4 bxa4 37. Ra1 Ne7 38. Nxa4 Nc6 39. Rh1 Nxb4 40. Bb1 Bd7 41. Nc5 Be7 42. Rh7+ Kf8 43. Nf6 Bxc5 44. dxc5 Bb5 45. g4 Ke7 46. g5 Nc6 47. g6 Nxe5 48. g7 Ra8 49. g8Q Rxg8 50. Nxg8+ Kd7 51. Nh6 Kc6 52. Nxf7 Nxf7 53. Rxf7 Kxc5 54. Ke3 a5 55. Re7 Bc4 56. Kd2 d4 57. Bd3 Bd5 58. Ra7 Kb4 59. Ra6 Bb3 60. Rb6+ Ka3 61. Kc1 a4 62. Kb1 Ba2+ 63. Ka1 Bb3 64. Be4 Bc4 65. Rd6 e5 66. Rb6 Be2 67. Bc6 Bd3 68. Rb8 e4 69. Rd8 Kb4 70. Bxe4 1-0

[Event "Gibraltar Masters 10th"]
[Site "Caleta"]
[Date "2012.01.24"]
[Round "1"]
[White "Kortschnoj, Viktor Lvovich"]
[Black "Rodriguez Lopez, Rafael"]
[Result "1-0"]
[WhiteElo "2558"]
[BlackElo "2287"]
[PlyCount "85"]
[EventDate "2012.01.24"]
[EventType "swiss"]
[EventRounds "10"]
[EventCountry "GGB"]
[SourceTitle "CBM 147"]
[Source "ChessBase"]
[SourceDate "2012.03.16"]
[SourceVersion "1"]
[SourceVersionDate "2012.03.16"]
[SourceQuality "1"]

1. d4 Nf6 2. c4 g6 3. Nc3 d5 4. cxd5 Nxd5 5. g3 Bg7 6. Bg2 Nb6 7. Nf3 Nc6 8. Bf4 0-0 9. e3 h6 10. h4 Bg4 11. 0-0 e5 12. dxe5 Qe7 13. Qc2 Bxf3 14. Bxf3 g5 15. hxg5 hxg5 16. Kg2 gxf4 17. Rh1 Rfd8 18. Qh7+ Kf8 19. gxf4 Qe6 20. Ne4 Qg6+ 21. Qxg6 fxg6 22. Nc5 Rd2 23. Nxb7 Ne7 24. Rad1 Rxb2 25. Nc5 c6 26. a4 Nbd5 27. Rd3 Kf7 28. Bd1 Rh8 29. Rxh8 Bxh8 30. Bb3 Ke8 31. Kf3 Nb4 32. Rd6 Na6 33. Nxa6 Rxb3 34. Nc7+ Kf7 35. e6+ Kf6 36. Rd8 Bg7 37. Ne8+ Kxe6 38. Nxg7+ Kf7 39. Rd7 a5 40. f5 Kxg7 41. Rxe7+ Kf6 42. Re6+ Kxf5 43. Rxc6 1-0

[Event "Puhajarve rap op 12th"]
[Site "Puhajarve"]
[Date "2011.11.25"]
[Round "6"]
[White "Ehlvest, Jaan"]
[Black "Kortschnoj, Viktor Lvovich"]
[Result "0-1"]
[WhiteElo "2594"]
[BlackElo "2567"]
[PlyCount "52"]
[EventDate "2011.11.25"]
[EventType "tourn (rapid)"]
[EventRounds "29"]
[EventCountry "EST"]
[SourceTitle "CBM 145 Extra"]
[Source "ChessBase"]
[SourceDate "2012.01.03"]
[SourceVersion "1"]
[SourceVersionDate "2012.01.03"]
[SourceQuality "1"]

1. c4 e6 2. Nf3 d5 3. d4 Bb4+ 4. Bd2 a5 5. Nc3 Nf6 6. e3 0-0 7. Qc2 c5 8. dxc5 Bxc5 9. Be2 Nc6 10. a3 d4 11. exd4 Nxd4 12. Nxd4 Bxd4 13. 0-0 Bd7 14. Rad1 e5 15. Bg5 h6 16. Bh4 Bc6 17. Bd3 Qe7 18. Rfe1 Qe6 19. Bf1 Bxc3 20. bxc3 Rfd8 21. c5 Rxd1 22. Rxd1 Ne4 23. f3 Nxc5 24. Bf2 Ba4 25. Qc1 Bxd1 26. Bxc5 Bb3 0-1

[Event "Puhajarve rap op 12th"]
[Site "Puhajarve"]
[Date "2011.11.25"]
[Round "9"]
[White "Kortschnoj, Viktor Lvovich"]
[Black "Kulaots, Kaido"]
[Result "1-0"]
[WhiteElo "2567"]
[BlackElo "2577"]
[PlyCount "63"]
[EventDate "2011.11.25"]
[EventType "tourn (rapid)"]
[EventRounds "29"]
[EventCountry "EST"]
[SourceTitle "CBM 145 Extra"]
[Source "ChessBase"]
[SourceDate "2012.01.03"]
[SourceVersion "1"]
[SourceVersionDate "2012.01.03"]
[SourceQuality "1"]

1. d4 Nf6 2. c4 g6 3. Nc3 d5 4. Qa4+ Bd7 5. Qb3 dxc4 6. Qxc4 Bg7 7. e4 0-0 8. e5 Be6 9. Qb5 Nd5 10. Qxb7 Nxc3 11. bxc3 Bd5 12. Qb5 c5 13. Qxc5 Nc6 14. Nf3 Rc8 15. Ba6 Nxe5 16. Qxc8 Qxc8 17. Bxc8 Nxf3+ 18. gxf3 Rxc8 19. Bd2 Rb8 20. 0-0 Rb2 21. Bg5 f6 22. Be3 Bxa2 23. Rfc1 f5 24. f4 Bc4 25. Rxa7 Kf7 26. Rc7 Bd5 27. c4 Be4 28. d5 Ke8 29. d6 Bf6 30. d7+ Kd8 31. Rd1 Rb8 32. Bb6 1-0

[Event "Puhajarve rap op 12th"]
[Site "Puhajarve"]
[Date "2011.11.25"]
[Round "10"]
[White "Nyback, Tomi"]
[Black "Kortschnoj, Viktor Lvovich"]
[Result "1/2-1/2"]
[WhiteElo "2631"]
[BlackElo "2567"]
[PlyCount "54"]
[EventDate "2011.11.25"]
[EventType "tourn (rapid)"]
[EventRounds "29"]
[EventCountry "EST"]
[SourceTitle "CBM 145 Extra"]
[Source "ChessBase"]
[SourceDate "2012.01.03"]
[SourceVersion "1"]
[SourceVersionDate "2012.01.03"]
[SourceQuality "1"]

1. d4 Nf6 2. c4 e6 3. Nf3 Bb4+ 4. Nbd2 b6 5. a3 Bxd2+ 6. Qxd2 Bb7 7. e3 a5 8. b3 d6 9. Be2 Nbd7 10. Bb2 0-0 11. 0-0 Qe7 12. Qc2 c5 13. Nd2 Rfc8 14. Rac1 d5 15. Qb1 cxd4 16. exd4 a4 17. b4 dxc4 18. Nxc4 Be4 19. Bd3 Bg6 20. Bxg6 hxg6 21. Qd3 Nd5 22. g3 Rc7 23. Ne5 Nxe5 24. dxe5 Rac8 25. Qb5 Rxc1 26. Rxc1 Rxc1+ 27. Bxc1 Qc7 1/2-1/2

[Event "Puhajarve rap op 12th"]
[Site "Puhajarve"]
[Date "2011.11.25"]
[Round "14"]
[White "Valgmae, Toomas"]
[Black "Kortschnoj, Viktor Lvovich"]
[Result "1-0"]
[WhiteElo "2208"]
[BlackElo "2567"]
[PlyCount "99"]
[EventDate "2011.11.25"]
[EventType "tourn (rapid)"]
[EventRounds "29"]
[EventCountry "EST"]
[SourceTitle "CBM 145 Extra"]
[Source "ChessBase"]
[SourceDate "2012.01.03"]
[SourceVersion "1"]
[SourceVersionDate "2012.01.03"]
[SourceQuality "1"]

1. d4 e6 2. c4 Nf6 3. Nf3 Bb4+ 4. Nbd2 b6 5. g3 Bb7 6. Bg2 0-0 7. 0-0 Be7 8. b3 c5 9. Bb2 cxd4 10. Nxd4 Bxg2 11. Kxg2 Nc6 12. N2f3 Qc8 13. Nb5 d5 14. cxd5 Nxd5 15. Rc1 Qb7 16. Nbd4 Nxd4 17. Qxd4 Bf6 18. Qd2 Rfd8 19. Rfd1 Ne3+ 20. Qxe3 Bxb2 21. Rxd8+ Rxd8 22. Rc2 Bf6 23. Rd2 Rc8 24. Qd3 h6 25. h4 a5 26. Rc2 Rd8 27. Qc4 b5 28. Qc5 e5 29. e3 g5 30. hxg5 hxg5 31. Qc6 Qxc6 32. Rxc6 Kg7 33. Rc5 e4 34. Nxg5 Re8 35. Rxb5 Bc3 36. Rb7 Kg6 37. Nxf7 Re6 38. Rd7 Bb4 39. Nd8 Rf6 40. Kf1 Bd6 41. Ke2 Be5 42. Rd5 Bc3 43. Nb7 Bb4 44. Nxa5 Ra6 45. Nc4 Rxa2+ 46. Kf1 Ra1+ 47. Kg2 Ra2 48. Nd6 Rb2 49. Nxe4 Rxb3 50. Rb5 1-0

[Event "EU-chT (Men) 18th"]
[Site "Porto Carras"]
[Date "2011.11.05"]
[Round "3.2"]
[White "Kortschnoj, Viktor Lvovich"]
[Black "Zagorskis, Darius"]
[Result "0-1"]
[WhiteElo "2567"]
[BlackElo "2497"]
[PlyCount "38"]
[EventDate "2011.11.03"]
[EventType "team-swiss"]
[EventRounds "9"]
[EventCountry "GRE"]
[SourceTitle "CBM 146"]
[Source "ChessBase"]
[SourceDate "2012.01.18"]
[SourceVersion "1"]
[SourceVersionDate "2012.01.18"]
[SourceQuality "1"]
[WhiteTeam "Switzerland"]
[BlackTeam "Lithuania"]
[WhiteTeamCountry "SUI"]
[BlackTeamCountry "LTU"]

1. d4 Nf6 2. c4 e6 3. Nf3 b6 4. g3 Ba6 5. Qa4 Bb7 6. Bg2 c5 7. e3 Be7 8. 0-0 0-0 9. Rd1 cxd4 10. exd4 d5 11. Bg5 dxc4 12. Qxc4 Nc6 13. Nc3 Rc8 14. Qe2 Nb4 15. Bxf6 Bxf6 16. a3 Nd5 17. Ne4 Qc7 18. h3 Rfd8 19. Kh2 h6 0-1

[Event "EU-chT (Men) 18th"]
[Site "Porto Carras"]
[Date "2011.11.04"]
[Round "2.2"]
[White "Elsness, Frode"]
[Black "Kortschnoj, Viktor Lvovich"]
[Result "1/2-1/2"]
[WhiteElo "2506"]
[BlackElo "2567"]
[PlyCount "65"]
[EventDate "2011.11.03"]
[EventType "team-swiss"]
[EventRounds "9"]
[EventCountry "GRE"]
[SourceTitle "CBM 146"]
[Source "ChessBase"]
[SourceDate "2012.01.18"]
[SourceVersion "1"]
[SourceVersionDate "2012.01.18"]
[SourceQuality "1"]
[WhiteTeam "Norway"]
[BlackTeam "Switzerland"]
[WhiteTeamCountry "NOR"]
[BlackTeamCountry "SUI"]

1. d4 Nf6 2. c4 e6 3. g3 Bb4+ 4. Bd2 a5 5. Bg2 d5 6. Nf3 dxc4 7. 0-0 Bd7 8. Ne5 Bc6 9. Nxc6 Nxc6 10. e3 Nd5 11. e4 Nb6 12. Be3 0-0 13. Nc3 a4 14. d5 exd5 15. Nxd5 Nxd5 16. exd5 Ne5 17. Qd4 Re8 18. Bf4 Bd6 19. Rae1 Qf6 20. Re4 Re7 21. Bxe5 Rxe5 22. Qxc4 Rxe4 23. Bxe4 g6 24. Bc2 Qxb2 25. Bxa4 Qe5 26. Rd1 h5 27. Kg2 b6 28. Rd3 Qe2 29. Rc3 Qxc4 30. Rxc4 Ra5 31. Bb3 Kg7 32. h4 Kf6 33. Re4 1/2-1/2